[Event "San Cristobal op 5th"]
[Site "San Cristobal de La Laguna"]
[Date "2023.08.27"]
[Round "3"]
[White "Perez Bolanos, Joel"]
[Black "Amador Garcia, Ismael"]
[Result "0-1"]
[WhiteElo "2021"]
[BlackElo "2285"]
[PlyCount "82"]
[EventDate "2023.08.26"]
[EventType "swiss"]
[EventRounds "9"]
[EventCountry "ESP"]
[SourceTitle "EXT 2024"]
[Source "ChessBase"]
[SourceDate "2023.10.10"]
[SourceVersion "1"]
[SourceVersionDate "2023.10.10"]
[SourceQuality "1"]

1. e4 c5 2. Nf3 d6 3. d4 cxd4 4. Nxd4 Nf6 5. Nc3 a6 6. Be3 e5 7. Nb3 Be7 8. f3 Be6 9. Qd2 h5 10. Nd5 Nxd5 11. exd5 Bf5 12. Be2 Qc7 13. c4 a5 14. 0-0 a4 15. Nc1 Nd7 16. Nd3 0-0 17. f4 h4 18. fxe5 Bxd3 19. Bxd3 dxe5 20. Bg5 Nc5 21. Bc2 h3 22. gxh3 e4 23. b4 axb3 24. axb3 Rxa1 25. Rxa1 Bxg5 26. Qxg5 f5 27. Rd1 Qe5 28. b4 Qc3 29. Qd2 Qxd2 30. Rxd2 Na6 31. d6 e3 32. Rd4 Nxb4 33. Bxf5 e2 34. Be6+ Kh7 35. Rh4+ Kg6 36. Rg4+ Kh5 37. Re4 Rf1+ 38. Kg2 e1Q 39. Rxe1 Rxe1 40. d7 Re2+ 41. Kf3 Rd2 0-1

[Event "ESP-ch U18"]
[Site "Salobrena"]
[Date "2023.08.02"]
[Round "4"]
[White "Perez Bolanos, Joel"]
[Black "Martinez Soriano, Pablo"]
[Result "1-0"]
[WhiteElo "2055"]
[BlackElo "1906"]
[PlyCount "55"]
[EventDate "2023.07.31"]
[EventType "swiss"]
[EventRounds "9"]
[EventCountry "ESP"]
[SourceTitle "CBM 215 Extra"]
[Source "ChessBase"]
[SourceDate "2023.09.30"]
[SourceVersion "1"]
[SourceVersionDate "2023.09.30"]
[SourceQuality "1"]

1. e4 e6 2. d3 d5 3. Nd2 Nf6 4. Ngf3 Be7 5. g3 b6 6. Bg2 Bb7 7. Qe2 c5 8. 0-0 Nc6 9. c3 Qc7 10. Re1 0-0-0 11. a4 Ba6 12. exd5 exd5 13. a5 b5 14. Nb3 Rhe8 15. Qc2 Bd6 16. Be3 Nb8 17. d4 c4 18. Nc5 Bxc5 19. dxc5 Kb7 20. b4 Ka8 21. Bg5 Bc8 22. Rxe8 Rxe8 23. Bxf6 gxf6 24. Nd4 Qd7 25. Rd1 a6 26. c6 Qd6 27. Qxh7 Be6 28. Nxe6 1-0

[Event "ESP-ch U16"]
[Site "Salobrena"]
[Date "2022.07.30"]
[Round "9"]
[White "Perez Bolanos, Joel"]
[Black "Perez Travieso, Saul"]
[Result "1-0"]
[WhiteElo "2036"]
[BlackElo "1866"]
[PlyCount "60"]
[EventDate "2022.07.25"]
[EventType "swiss"]
[EventRounds "9"]
[EventCountry "ESP"]
[SourceTitle "EXT 2023"]
[Source "ChessBase"]
[SourceDate "2022.10.05"]
[SourceVersion "1"]
[SourceVersionDate "2022.10.05"]
[SourceQuality "1"]

1. Nf3 Nf6 2. b3 d5 3. Bb2 e6 4. e3 c5 5. d4 Nc6 6. Bd3 Bd6 7. 0-0 cxd4 8. exd4 0-0 9. a3 Bd7 10. Nbd2 Ne7 11. Ne5 Bc6 12. Qe2 Rc8 13. f4 a6 14. Rf3 Ng6 15. Raf1 Bb5 16. c4 dxc4 17. bxc4 Bc6 18. Rh3 Bb8 19. f5 exf5 20. Bxf5 Bxe5 21. dxe5 Qb6+ 22. Kh1 Rcd8 23. Bc3 Rfe8 24. e6 Rd6 25. Bxf6 gxf6 26. exf7+ Kxf7 27. Rxh7+ Kg8 28. Qg4 Bxg2+ 29. Qxg2 Qc6 30. Be4 Kf8 1-0

[Event "Barbera del Valles op 44th"]
[Site "Barbera del Valles"]
[Date "2022.07.11"]
[Round "8.12"]
[White "Perez Bolanos, Joel"]
[Black "Bernado Lopez, Roger"]
[Result "1-0"]
[WhiteElo "2036"]
[BlackElo "2315"]
[PlyCount "103"]
[EventDate "2022.07.04"]
[EventType "swiss"]
[EventRounds "9"]
[EventCountry "ESP"]
[SourceTitle "EXT 2023"]
[Source "ChessBase"]
[SourceDate "2022.10.05"]
[SourceVersion "1"]
[SourceVersionDate "2022.10.05"]
[SourceQuality "1"]

1. e4 c5 2. Nf3 d6 3. d4 cxd4 4. Nxd4 Nf6 5. Nc3 a6 6. Be3 e6 7. Be2 Be7 8. 0-0 Qc7 9. f4 b5 10. Bf3 Bb7 11. a3 Nbd7 12. Qe1 0-0 13. Kh1 Rac8 14. g4 Nc5 15. Bg1 d5 16. exd5 exd5 17. Nf5 Rfe8 18. Bd4 Bf8 19. Qh4 Nfe4 20. Rad1 Ne6 21. Be5 Qc5 22. b4 Qc4 23. Ne3 Qxf1+ 24. Rxf1 Nd2 25. Bxd5 Bxd5+ 26. Ncxd5 Nxf1 27. Nxf1 Rxc2 28. Nfe3 Rc1+ 29. Kg2 f6 30. Bb2 Rb1 31. Bxf6 Nxf4+ 32. Kf3 Ng6 33. Qg5 Kh8 34. Bd4 Rh1 35. Kg2 Re1 36. Kf2 Rh1 37. Kg2 Re1 38. h4 Re4 39. Bb6 Re6 40. h5 Be7 41. Nxe7 Nxe7 42. Bc5 Ng8 43. Bd4 Nf6 44. h6 Re2+ 45. Kf1 Rf2+ 46. Kg1 gxh6 47. Qxh6 Kg8 48. Nf5 Re1+ 49. Kxf2 Nxg4+ 50. Kxe1 Nxh6 51. Nxh6+ Kf8 52. Ke2 1-0

[Event "Barbera del Valles op 44th"]
[Site "Barbera del Valles"]
[Date "2022.07.04"]
[Round "1"]
[White "Sanchez, Sebastian Felipe"]
[Black "Perez Bolanos, Joel"]
[Result "1-0"]
[WhiteElo "2440"]
[BlackElo "2036"]
[PlyCount "57"]
[EventDate "2022.07.04"]
[EventType "swiss"]
[EventRounds "9"]
[EventCountry "ESP"]
[SourceTitle "EXT 2023"]
[Source "ChessBase"]
[SourceDate "2022.10.05"]
[SourceVersion "1"]
[SourceVersionDate "2022.10.05"]
[SourceQuality "1"]

1. Nf3 d5 2. c4 d4 3. b4 g5 4. h3 h6 5. Bb2 Bg7 6. e3 e5 7. Qa4+ Bd7 8. Qb3 Be6 9. Na3 Ne7 10. exd4 exd4 11. Bd3 0-0 12. Be4 a5 13. Bxb7 Ra7 14. Be4 axb4 15. Nb5 Ra6 16. Bxd4 Bxd4 17. Nbxd4 c5 18. Nb5 f5 19. Bd3 Ng6 20. 0-0 Nc6 21. Rfe1 Nf4 22. Bf1 Na5 23. Qe3 Nxc4 24. Qxc5 Nxd2 25. Nxd2 Qxd2 26. Nc7 Rxa2 27. Rad1 Qc3 28. Nxe6 Nxe6 29. Qd5 1-0

[Event "Canarias-ch"]
[Site "Brena Baja"]
[Date "2022.06.02"]
[Round "2"]
[White "Perez Bolanos, Joel"]
[Black "Perez Bolanos, David"]
[Result "1/2-1/2"]
[WhiteElo "2089"]
[BlackElo "1955"]
[PlyCount "81"]
[EventDate "2022.06.01"]
[EventType "swiss"]
[EventRounds "6"]
[EventCountry "ESP"]
[SourceTitle "CBM 208 Extra"]
[Source "ChessBase"]
[SourceDate "2022.07.31"]
[SourceVersion "1"]
[SourceVersionDate "2022.07.31"]
[SourceQuality "1"]

1. c4 g6 2. d4 Nf6 3. Nc3 d5 4. cxd5 Nxd5 5. e4 Nxc3 6. bxc3 Bg7 7. Bc4 c5 8. Ne2 Nc6 9. Be3 cxd4 10. cxd4 Qa5+ 11. Qd2 Qxd2+ 12. Kxd2 0-0 13. Rhd1 b6 14. Rac1 Bb7 15. f3 Rac8 16. Ke1 Na5 17. Bb5 Rfd8 18. d5 Be5 19. Kf2 Bb2 20. Rxc8 Rxc8 21. Bd4 Bxd4+ 22. Nxd4 Kg7 23. Rd2 Rc7 24. Rc2 Rxc2+ 25. Nxc2 Kf6 26. Ke3 Ke5 27. Nb4 f5 28. Nd3+ Kd6 29. g3 a6 30. Ba4 fxe4 31. fxe4 e6 32. dxe6 Kxe6 33. Kd4 g5 34. h4 h6 35. hxg5 hxg5 36. Bb3+ Nxb3+ 37. axb3 Bc6 38. Nb4 Bb7 39. Nd3 Bc6 40. Nb4 Bb7 41. Nd3 1/2-1/2

[Event "Gran Canaria Cabildo Cup"]
[Site "Gran Canaria"]
[Date "2022.04.10"]
[Round "2"]
[White "Perez Bolanos, Joel"]
[Black "Marrero Rodriguez, Jorge"]
[Result "1/2-1/2"]
[WhiteElo "2120"]
[BlackElo "1832"]
[PlyCount "63"]
[EventDate "2022.04.10"]
[EventType "swiss"]
[EventRounds "7"]
[EventCountry "ESP"]
[SourceTitle "CBM 207 Extra"]
[Source "ChessBase"]
[SourceDate "2022.05.31"]
[SourceVersion "1"]
[SourceVersionDate "2022.05.31"]
[SourceQuality "1"]

1. c4 Nf6 2. Nc3 e5 3. Nf3 Nc6 4. e4 Bb4 5. d3 h6 6. a3 Bxc3+ 7. bxc3 d6 8. Be2 b6 9. h3 Ne7 10. Be3 Bb7 11. Qc2 Qd7 12. Nd2 Ng6 13. g3 h5 14. f4 exf4 15. gxf4 Nh4 16. Kf2 0-0-0 17. Rag1 Rde8 18. Rh2 Qe7 19. Nf1 d5 20. cxd5 Nxd5 21. exd5 Nf5 22. Bc1 Qh4+ 23. Ng3 g5 24. d4 Rxe2+ 25. Qxe2 gxf4 26. Bxf4 Qxf4+ 27. Qf3 Qd2+ 28. Ne2 Nd6 29. Rhg2 Ba6 30. Rg8+ Rxg8 31. Rxg8+ Kb7 32. Qe3 1/2-1/2

[Event "Barcelona Ciutat op"]
[Site "Barcelona"]
[Date "2021.08.18"]
[Round "1"]
[White "Fier, Alexandr"]
[Black "Perez Bolanos, Joel"]
[Result "1-0"]
[WhiteElo "2558"]
[BlackElo "2048"]
[PlyCount "77"]
[EventDate "2021.08.18"]
[EventType "swiss"]
[EventRounds "9"]
[EventCountry "ESP"]
[SourceTitle "CBM 204 Extra"]
[Source "ChessBase"]
[SourceDate "2021.11.30"]
[SourceVersion "1"]
[SourceVersionDate "2021.11.30"]
[SourceQuality "1"]

1. e4 c5 2. Nf3 d6 3. d4 cxd4 4. Nxd4 Nf6 5. Nc3 g6 6. Be3 Bg7 7. f3 Nc6 8. Qd2 0-0 9. 0-0-0 d5 10. Nxc6 bxc6 11. h4 e5 12. exd5 Nxd5 13. Nxd5 cxd5 14. Qxd5 Qc7 15. Qxa8 Bf5 16. Qxf8+ Kxf8 17. Bd3 Be6 18. a3 f5 19. h5 Qb7 20. c3 a5 21. Bc2 Qc6 22. Rd8+ Ke7 23. Bg5+ Bf6 24. Bxf6+ Kxf6 25. hxg6 hxg6 26. Re1 Qc5 27. Rd2 Bd5 28. Rde2 Bc6 29. Rxe5 Qxe5 30. Rxe5 Kxe5 31. Kd2 Kf4 32. Ke2 Kg3 33. Kf1 Bb5+ 34. Kg1 a4 35. b4 axb3 36. Bxb3 g5 37. a4 Bc6 38. a5 g4 39. Bd1 1-0

[Event "ESP-ch U16"]
[Site "Salobrena"]
[Date "2021.07.23"]
[Round "8"]
[White "Lin, Ying Rui"]
[Black "Perez Bolanos, Joel"]
[Result "1-0"]
[WhiteElo "2324"]
[BlackElo "1976"]
[PlyCount "87"]
[EventDate "2021.07.19"]
[EventType "swiss"]
[EventRounds "9"]
[EventCountry "ESP"]
[SourceTitle "EXT 2022"]
[Source "ChessBase"]
[SourceDate "2021.10.06"]
[SourceVersion "1"]
[SourceVersionDate "2021.10.06"]
[SourceQuality "1"]

1. d4 d5 2. c4 e6 3. Nc3 Nf6 4. cxd5 exd5 5. Bg5 Be7 6. e3 c6 7. Qc2 0-0 8. Bd3 h6 9. Bh4 Re8 10. Nge2 Nh5 11. Bxe7 Qxe7 12. 0-0 Nd7 13. Rab1 a5 14. a3 Ndf6 15. b4 axb4 16. axb4 Bd7 17. Na4 b5 18. Nc5 Ra7 19. Rfc1 Ra3 20. Ra1 Rea8 21. Rxa3 Rxa3 22. Qb2 Ra8 23. Qc3 Be8 24. Ra1 Rxa1+ 25. Qxa1 g6 26. Nc1 Ng7 27. N1b3 Ne6 28. Qa8 Kg7 29. Na6 Kh7 30. h3 Kg7 31. Be2 Ne4 32. Bf3 N6g5 33. Bxe4 Nxe4 34. Nac5 Nf6 35. Qb8 Kh7 36. Nc1 Kg7 37. N1d3 Kh7 38. Ne5 Kg7 39. Qc8 Qd6 40. g4 Kf8 41. h4 h5 42. g5 Ng8 43. Ncd7+ Kg7 44. Qxe8 1-0

[Event "ESP-ch U16"]
[Site "Salobrena"]
[Date "2021.07.23"]
[Round "7"]
[White "Perez Bolanos, Joel"]
[Black "Luque Saiz, Andres"]
[Result "1/2-1/2"]
[WhiteElo "1976"]
[BlackElo "2131"]
[PlyCount "66"]
[EventDate "2021.07.19"]
[EventType "swiss"]
[EventRounds "9"]
[EventCountry "ESP"]
[SourceTitle "EXT 2022"]
[Source "ChessBase"]
[SourceDate "2021.10.06"]
[SourceVersion "1"]
[SourceVersionDate "2021.10.06"]
[SourceQuality "1"]

1. e4 c6 2. Nc3 d5 3. Nf3 dxe4 4. Nxe4 Nf6 5. Qe2 Nxe4 6. Qxe4 Qd5 7. Qf4 Qf5 8. Qe3 Qe6 9. b3 Qxe3+ 10. fxe3 Bf5 11. Bb2 Nd7 12. 0-0-0 e6 13. Rg1 Bg6 14. g4 Rg8 15. d4 Nf6 16. Bd3 Bd6 17. c4 Rd8 18. Rg2 Bxd3 19. Rxd3 Ke7 20. g5 Ne4 21. Nd2 Nxd2 22. Rgxd2 h6 23. gxh6 gxh6 24. Rf2 Rg1+ 25. Kc2 Rdg8 26. e4 R8g2 27. Rdf3 Rxf2+ 28. Rxf2 f6 29. c5 Bc7 30. d5 exd5 31. exd5 cxd5 32. Bxf6+ Ke6 33. Bd4 Rg4 1/2-1/2

[Event "ESP-ch U16"]
[Site "Salobrena"]
[Date "2021.07.22"]
[Round "6"]
[White "Aguado Doncel, Pablo Luis"]
[Black "Perez Bolanos, Joel"]
[Result "0-1"]
[WhiteElo "2129"]
[BlackElo "1976"]
[PlyCount "64"]
[EventDate "2021.07.19"]
[EventType "swiss"]
[EventRounds "9"]
[EventCountry "ESP"]
[SourceTitle "EXT 2022"]
[Source "ChessBase"]
[SourceDate "2021.10.06"]
[SourceVersion "1"]
[SourceVersionDate "2021.10.06"]
[SourceQuality "1"]

1. c4 e5 2. Nc3 Nf6 3. g3 c6 4. d4 exd4 5. Qxd4 d5 6. Bg5 Be7 7. Bg2 dxc4 8. Qxc4 Be6 9. Qa4 Qb6 10. Bd2 0-0 11. Nf3 Na6 12. 0-0 Nd5 13. Nxd5 Bxd5 14. Bc3 Bb4 15. Bd4 Bc5 16. e4 Be6 17. Bc3 Rad8 18. Ba5 Qxb2 19. Bxd8 Rxd8 20. Rad1 Rxd1 21. Qxd1 h6 22. Qd8+ Kh7 23. Qd3 Nb4 24. Qd2 Qxa2 25. Qf4 Nd3 26. Qb8 b5 27. Qb7 b4 28. Qxc6 b3 29. e5 g6 30. Nh4 Qc2 31. Qb7 Nxf2 32. Bd5 Ng4+ 0-1

[Event "ESP-ch U16"]
[Site "Salobrena"]
[Date "2021.07.19"]
[Round "1"]
[White "Perez Bolanos, Joel"]
[Black "Sanz Gorospe, Ibai"]
[Result "1-0"]
[WhiteElo "1976"]
[BlackElo "1591"]
[PlyCount "101"]
[EventDate "2021.07.19"]
[EventType "swiss"]
[EventRounds "9"]
[EventCountry "ESP"]
[SourceTitle "EXT 2022"]
[Source "ChessBase"]
[SourceDate "2021.10.06"]
[SourceVersion "1"]
[SourceVersionDate "2021.10.06"]
[SourceQuality "1"]

1. e4 c5 2. Nf3 Nc6 3. d4 cxd4 4. Nxd4 Nf6 5. Nc3 d6 6. Bg5 g6 7. Bxf6 exf6 8. Bb5 Bd7 9. Nf3 Ne5 10. Nxe5 fxe5 11. Bc4 Bc6 12. Qf3 Qe7 13. 0-0-0 Rd8 14. Kb1 Bg7 15. h4 h6 16. Qg3 a6 17. Rd3 b5 18. Bd5 Bxd5 19. Nxd5 Qd7 20. h5 g5 21. Rhd1 0-0 22. Ne3 Qc6 23. Rd5 Rfe8 24. Nf5 Bf8 25. Qd3 Re6 26. g3 Qb6 27. Qe2 Rc8 28. f4 f6 29. Qg4 Rce8 30. fxg5 fxg5 31. R5d3 Qc6 32. Ne3 Rf6 33. Nd5 Rf7 34. Rc3 Qb7 35. Qe2 Bg7 36. Rf1 Ref8 37. Rcf3 Qa7 38. Rxf7 Rxf7 39. Rxf7 Qxf7 40. a4 Qb7 41. axb5 axb5 42. Nc3 b4 43. Qc4+ Kh7 44. Nd5 Qa7 45. Qxb4 Qg1+ 46. Ka2 Qxg3 47. Qxd6 Qe1 48. Qg6+ Kh8 49. c3 Qd1 50. Qe8+ Kh7 51. Ne7 1-0

[Event "Paracin Summer op 14th"]
[Site "Paracin"]
[Date "2021.07.10"]
[Round "3"]
[White "Perez Bolanos, Joel"]
[Black "Djokic, Mihailo"]
[Result "0-1"]
[WhiteElo "1976"]
[BlackElo "2129"]
[PlyCount "92"]
[EventDate "2021.07.09"]
[EventType "swiss"]
[EventRounds "9"]
[EventCountry "SRB"]
[SourceTitle "EXT 2022"]
[Source "ChessBase"]
[SourceDate "2021.10.06"]
[SourceVersion "1"]
[SourceVersionDate "2021.10.06"]
[SourceQuality "1"]

1. e4 c5 2. Nf3 d6 3. d4 cxd4 4. Nxd4 Nf6 5. Nc3 g6 6. Be3 Bg7 7. f3 0-0 8. Qd2 Nc6 9. 0-0-0 Bd7 10. g4 Rc8 11. Kb1 Ne5 12. Be2 Qa5 13. Nb3 Qc7 14. g5 Nh5 15. Nd5 Qd8 16. Bxa7 Be6 17. Bd4 Bxd5 18. exd5 Qc7 19. Rhe1 e6 20. f4 Nc4 21. Bxc4 Qxc4 22. Bxg7 Nxg7 23. c3 exd5 24. Nd4 Rfe8 25. f5 gxf5 26. h4 Re5 27. h5 Nxh5 28. Qh2 Rxe1 29. Rxe1 Qd3+ 30. Ka1 Qg3 31. Qe2 Ng7 32. Qe7 f4 33. a3 h6 34. g6 fxg6 35. Rb1 f3 36. Qxb7 Rf8 37. Qxd5+ Kh8 38. Nxf3 Rxf3 39. a4 Rf5 40. Qa8+ Kh7 41. Qc8 Rc5 42. Qd7 h5 43. Rd1 h4 44. Rxd6 h3 45. Rd3 Qg1+ 46. Rd1 h2 0-1